Management in banking
| Main Author: | |
|---|---|
| Format: | Book |
| Published: |
London
Pitman
1990
|
| Series: | CIQ Associateship series
|
| Subjects: |
MARC
| LEADER | 00000cam a2200000 7i4500 | ||
|---|---|---|---|
| 001 | 0000000350 | ||
| 008 | 021118s1990 | ||
| 020 | |a 0273032186 | ||
| 090 | 0 | 0 | |a HG1615 |b .C694 1990 |
| 100 | 0 | |a Coult, Helen V. |e author | |
| 245 | 0 | 0 | |a Management in banking |c Helen V. Coult |
| 260 | 2 | |a London |b Pitman |c 1990 | |
| 300 | |a ix, 241 p. |c 25 cm | ||
| 440 | 0 | 0 | |a CIQ Associateship series |
| 650 | 0 | |a Bank management | |
| 650 | 0 | |a Banks and banking | |
| 999 | |a 1000017136 |b Book |c OPEN SHELF (30 DAYS) |e Gong Badak Campus | ||